| 000 | 01646nas1a22003491i 4500 | ||
|---|---|---|---|
| 001 | RU\NLR\INFOCOMM_9\5000000696 | ||
| 005 | 20260406215727.0 | ||
| 035 | _a(NLR Aleph) 004098321 | ||
| 090 |
_a3397989 _c3397989 |
||
| 100 | _a20060602b19311931|||y0rusy50 ba | ||
| 101 | 0 | _ager | |
| 102 | _aRU | ||
| 110 | _aafaz|||0|y| | ||
| 200 | 1 |
_aDer kämpfende Atheismus _eOrgan des Zentralrates des Bundes der kämpfenden Gottlosen der USSR |
|
| 210 |
_aMoskau _cMoskowskij Rabotschij _d1931-1931 |
||
| 300 | _aИздавался также на эсперанто: Militanta ateismo | ||
| 488 | 0 |
_12001#$aMilitanta ateismo _1852##$aNLR$jV.87 _tMilitanta ateismo |
|
| 541 | 0 |
_aВоинствующий атеист; _eорган Центрального Совета Союза Воинствующих Безбожников СССР _zrus |
|
| 601 | 0 | 2 |
_aСоюз воинствующих безбожников СССР _jПериодические издания _91264714 _3RU\NLR\AUTH\66202116 |
| 606 | 1 |
_aАтеистическая пропаганда _jПериодические издания _yСССР _92258747 _3RU\NLR\AUTH\661354470 |
|
| 686 | 1 | _aЭ164(2)л52 | |
| 686 | 1 | _aЭ164(2)я54 | |
| 712 | 0 | 2 |
_4570 _8ger _aBund der kämpfenden Gottlosen der UdSSR _7ba _3RU\NLR\AUTH\889973898 _9444570 |
| 801 | 1 |
_aRU _bInfoComm _c20060602 |
|
| 801 | 0 |
_aRU _bNLR _gPSBO |
|
| 801 | 2 |
_aRU _bNLR _c20180920 _2rusmarc |
|
| 852 |
_aNLR _jV.88 |
||
| 942 | _cJOURNAL | ||
| 980 | _aINPER | ||